Kálvinista Szemle Ref. egyház hivatalos lapja
| Other Authors: | |
|---|---|
| Format: | Journal |
| Language: | Hungarian |
| PhysicalDescription: | zv. 30-31 cm |
| Published: |
Košice
Organizačný výbor ref. cirkvi na Slovensku
1951-
Komárno Predsedníctvo Synody ref. kresť. cirkvi na Slovensku v Košiciach Bratislava Cirkevné nakladateľstvo Bratislava Predsedníctvo Synody ref. cirkvi na Slovensku v Rimavskej Sobote Komárno Zsinati Elnöksége Bratislava |
| ISSN: | 1335-7298 |
| Subjects: | |
| Online Access: | http://www.reformata.sk/mutat/83/ |
MARC
| LEADER | 00000cas a2200000 a 4500 | ||
|---|---|---|---|
| 001 | vtls008417903 | ||
| 003 | SK-MaSNL | ||
| 005 | 20260425194114.0 | ||
| 008 | 160805c19519999xo mr p 0 b0hun | ||
| 022 | |a 1335-7298 | ||
| 035 | |a (SVKBB03)vtls000039242 | ||
| 040 | |a SVKPO |b slo |c SVKPO |d SVKBB |d SAVUK |d SNK |e AACR2 | ||
| 041 | 0 | |a hun | |
| 043 | |a e-xo--- | ||
| 044 | |a xo |c SK | ||
| 072 | 7 | |a 271/279 |x Kresťanské cirkvi, sekty, denominácie |2 konspekt | |
| 080 | |a 275.4-726.6 |2 2011 | ||
| 080 | |a 82-97 |2 2011 | ||
| 080 | |a 050 |2 2011 | ||
| 080 | |a (437.6) |2 2011 | ||
| 080 | |a 2(051) |2 2011 | ||
| 210 | 0 | |a Kálvin. Szle | |
| 222 | 0 | |a Kálvinista Szemle | |
| 245 | 0 | 0 | |a Kálvinista Szemle |b Ref. egyház hivatalos lapja |
| 260 | |a Košice |b Organizačný výbor ref. cirkvi na Slovensku |c 1951- | ||
| 260 | 2 | |3 7/1952-14/1952 |a Komárno |b Predsedníctvo Synody ref. kresť. cirkvi na Slovensku v Košiciach | |
| 260 | 2 | |3 1/1954-7/1955 |a Bratislava |b Cirkevné nakladateľstvo | |
| 260 | 2 | |3 8/1955-[2005] |a Bratislava |b Predsedníctvo Synody ref. cirkvi na Slovensku v Rimavskej Sobote | |
| 260 | 3 | |3 2006- |a Komárno |b Zsinati Elnöksége | |
| 260 | 2 | |3 1953 |a Bratislava |b Predsedníctvo Synody ref. kresť. cirkvi na Slovensku v Košiciach | |
| 300 | |a zv. |c 30-31 cm | ||
| 310 | |a 1x mesačne | ||
| 362 | 0 | |a XXII. évf., 13 sz. (1951)- | |
| 500 | |a Evidenčné číslo: EV 3628/09 | ||
| 500 | |a Podnázov sa mení | ||
| 500 | |a Šéfredaktor: ?- , László Fazekas | ||
| 500 | |a R. 1949-1951 vychádzali ako príloha Kalvínskych hlasov | ||
| 500 | |a Slovenská verzia: Kalvínske hlasy ISSN 1335-3713 | ||
| 515 | |a Niektoré čísla vychádzajú ako dvojčíslo | ||
| 610 | 2 | 7 | |a Reformovaná kresťanská cirkev na Slovensku |2 SNKKA |9 102300 |
| 650 | 7 | |a kalvíni |2 SNKPH |9 172703 | |
| 651 | 7 | |a Slovensko |2 SNKPHgeo |9 14231 | |
| 655 | 7 | |a náboženské časopisy |2 SNKPH |9 70790 | |
| 700 | 1 | |a Fazekas, László |4 pbd |9 267709 | |
| 775 | 0 | |t Kalvínske hlasy |x 1335-3713 |w vtls010299735 | |
| 850 | |a Štátna vedecká knižnica v Prešove | ||
| 856 | 4 | 1 | |u http://www.reformata.sk/mutat/83/ |
| 910 | |a savuk | ||
| 910 | |a snk | ||
| 916 | |a 1951-2014, 2015-2019, 2020 | ||
| 999 | |c 4022 |d 5952 | ||
| 952 | |t č. 1-12 |a SNK |b SNK |y PREZ |7 0 |p 17A1521899 |o snkČSB 1377/92/2021 |i snk2023/15511 |8 0 |0 0 |1 0 |4 0 |d 2023-10-25 |l 0 |r 2026-02-21 19:51:28 |w 2026-02-21 | ||
| 952 | |t č. 1-12 |a SNK |b SNK |y PREZ |7 0 |p 17A1521900 |o snkČSB 1377/92/2021 D1 |i snk2023/15515 |8 0 |0 0 |1 0 |4 0 |d 2023-10-25 |l 0 |r 2026-02-21 19:51:28 |w 2026-02-21 | ||
| 952 | |t č. 1-12 |a SNK |b SNK |y PREZ |7 0 |p 17A1521901 |o snkČSB 1377/93/2022 |i snk2023/15516 |8 0 |0 0 |1 0 |4 0 |d 2023-10-25 |l 0 |r 2026-02-21 19:51:28 |w 2026-02-21 | ||
| 952 | |t č. 1-12 |a SNK |b SNK |y PREZ |7 0 |p 17A1521902 |o snkČSB 1377/93/2022 D1 |i snk2023/15517 |8 0 |0 0 |1 0 |4 0 |d 2023-10-25 |l 0 |r 2026-02-21 19:51:28 |w 2026-02-21 | ||
| 952 | |t č. 1-12, neúplné |a SNK |b SNK |y PREZ |7 0 |p 17A1317088 |o snkČSB 1377/72/2001 D1 |i snk2006/8576 |8 0 |z Chýba č. 2 |0 0 |1 0 |4 0 |d 2006-04-26 |l 0 |r 2026-02-21 19:58:32 |w 2026-02-21 | ||
| 952 | |t č. 1-12 |a SNK |b SNK |y PREZ |7 0 |p 17A0488912 |o snkČSB 1377/72/2001 |i snk2006/8581 |8 0 |f 1 |0 0 |1 0 |4 0 |d 2006-04-26 |l 0 |r 2026-02-21 19:58:34 |w 2026-02-21 | ||
| 952 | |t č. 1-12 |a SNK |b SNK |y PREZ |7 0 |p 17A1461506 |o snkČSB 1377/91/2020 D1 |i snk2021/19151 |8 0 |0 0 |1 0 |4 0 |d 2021-11-25 |l 0 |r 2026-02-21 20:01:34 |w 2026-02-21 | ||
| 952 | |t č. 1-12 |a SNK |b SNK |y PREZ |7 0 |p 17A1430851 |o snkČSB 1377/89/2018 D1 |i snk2020/14257 |8 0 |z Príl.: A Szlovákiai Református... v č. 11-12 |0 0 |1 0 |4 0 |d 2020-08-13 |l 0 |r 2026-02-21 20:19:11 |w 2026-02-21 | ||
| 952 | |t č. 1-12 |a SNK |b SNK |y PREZ |7 0 |p 17A1430852 |o snkČSB 1377/90/2019 |i snk2020/14260 |8 0 |z Príl.: A Szlovákiai Református... 1/2019... v č. 4-5 ; Bibliaolvasó vezérfonal a 2020. évre v č. 10 |f 1 |0 0 |1 0 |4 0 |d 2020-08-13 |l 0 |r 2026-02-21 20:19:13 |w 2026-02-21 | ||
| 952 | |t č. 1-12, neúplné |a SNK |b SNK |y PREZ |7 0 |p 17A1430848 |o snkČSB 1377/88/2017 |i snk2020/14246 |8 0 |z Chýba č. 10 ; ; Príl.: Bibliaolvasó vezérfonal a 2018. évre |f 1 |0 0 |1 0 |4 0 |d 2020-08-13 |l 0 |r 2026-02-21 20:26:58 |w 2026-02-21 | ||
| 952 | |t č. 1-12 |a SNK |b SNK |y PREZ |7 0 |p 17A1430853 |o snkČSB 1377/90/2019 D1 |i snk2020/14271 |8 0 |z Príl.: A Szlovákiai Református... 1/2019... v č. 4-5 ; Bibliaolvasó vezérfonal a 2020. évre v č. 10 |0 0 |1 0 |4 0 |d 2020-08-13 |l 0 |r 2026-02-21 20:26:58 |w 2026-02-21 | ||
| 952 | |t č. 1-12 |a SNK |b SNK |y PREZ |7 0 |p 17A1430849 |o snkČSB 1377/88/2017 D1 |i snk2020/14252 |8 0 |z Príl.: Bibliaolvasó vezérfonal a 2018. évre |0 0 |1 0 |4 0 |d 2020-08-13 |l 0 |r 2026-02-21 20:31:27 |w 2026-02-21 | ||
| 952 | |t č. 1-12 |a SNK |b SNK |y PREZ |7 0 |p 17A1075111 |o snkČSB 1377/31/1960 D1 |i snkČSP 1623/61 |0 0 |1 0 |4 0 |d 2014-04-24 |l 0 |r 2026-02-21 20:51:42 |w 2026-02-21 | ||
| 952 | |t č. 1-12 |a SNK |b SNK |y PREZ |7 0 |p 17A1075110 |o snkČSB 1377/32/1961 D1 |i snkČSP 387/62 |0 0 |1 0 |4 0 |d 2014-04-24 |l 0 |r 2026-02-21 20:51:42 |w 2026-02-21 | ||
| 952 | |t č. 1-12 |a SNK |b SNK |y PREZ |7 0 |p 17A1075109 |o snkČSB 1377/33/1962 D1 |i snkČSP 628/63 |0 0 |1 0 |4 0 |d 2014-04-24 |l 0 |r 2026-02-21 20:51:42 |w 2026-02-21 | ||
| 952 | |t č. 1-12 |a SNK |b SNK |y PREZ |7 0 |p 17A1075129 |o snkČSB 1377/34/1963 D1 |i snkČSP 609/64 |0 0 |1 0 |4 0 |d 2014-04-24 |l 0 |r 2026-02-21 20:51:42 |w 2026-02-21 | ||
| 952 | |t č. 1-12 |a SNK |b SNK |y PREZ |7 0 |p 17A1074963 |o snkČSB 1377/35/1964 D1 |i snkČSP 489/65 |0 0 |1 0 |4 0 |d 2014-04-24 |l 0 |r 2026-02-21 20:51:42 |w 2026-02-21 | ||
| 952 | |t č. 1-12 |a SNK |b SNK |y PREZ |7 0 |p 17A1074962 |o snkČSB 1377/36/1965 D1 |i snkČSP 420/67 |0 0 |1 0 |4 0 |d 2014-04-24 |l 0 |r 2026-02-21 20:51:42 |w 2026-02-21 | ||
| 952 | |t č. 1-12 |a SNK |b SNK |y PREZ |7 0 |p 17A1075350 |o snkČSB 1377/26/1955 D1 |i snkČSP 472/56 |0 0 |1 0 |4 0 |d 2014-04-24 |l 0 |r 2026-02-21 20:51:42 |w 2026-02-21 | ||
| 952 | |t č. 1-14 |a SNK |b SNK |y PREZ |7 0 |p 17A1075586 |o snkČSB 1377/23/1952 D1 |i snkII. 637/53 |0 0 |1 0 |4 0 |d 2014-04-24 |l 0 |r 2026-02-21 20:51:42 |w 2026-02-21 | ||
| 952 | |t č. 13-24 |a SNK |b SNK |y PREZ |7 0 |p 17A1075570 |o snkČSB 1377/22/1951 D1 |i snkF 1644/80 |0 0 |1 0 |4 0 |d 2014-04-24 |l 0 |r 2026-02-21 20:51:42 |w 2026-02-21 | ||
| 952 | |t č. 1-12, neúplné |a SNK |b SNK |y PREZ |7 0 |p 17A0131472 |o snkČSB 1377/62/1991 |i snkČSP 1181/94 |z chýba č. 7-8 |f 1 |0 0 |1 0 |4 0 |d 1998-04-02 |l 0 |r 2005-01-02 00:00:00 |w 2026-02-21 | ||
| 952 | |t č. 1-12, neúplné |a SNK |b SNK |y PREZ |7 0 |p 17A0142165 |o snkČSB 1377/62/1991 D1 |i snkČSP 1182/94 |z chýba č. 7-8 |0 0 |1 0 |4 0 |d 1998-05-28 |l 0 |r 2005-01-02 00:00:00 |w 2026-02-21 | ||
| 952 | |t č. 1-12 |a SNK |b SNK |y PREZ |7 0 |p 17A0603958 |o snkČSB 1377/71/2000 D1 |i snk2004/1911 |8 0 |0 0 |1 0 |4 0 |d 2008-11-10 |l 0 |r 2026-02-21 21:01:34 |w 2026-02-21 | ||
| 952 | |t č. 1-12 |a SNK |b SNK |y PREZ |7 0 |p 17A0835868 |o snkČSB 1377/30/1959 D1 |i snkČSP 1042/60 |z č. 1-12 |0 0 |1 0 |4 0 |d 2014-04-24 |l 0 |r 2026-02-21 21:02:56 |w 2026-02-21 | ||
| 952 | |t č. 1-12 |a SNK |b SNK |y PREZ |7 0 |p 17A1075645 |o snkČSB 1377/29/1958 D1 |i snkČSP 227/59 |0 0 |1 0 |4 0 |d 2014-04-24 |l 0 |r 2026-02-21 21:02:56 |w 2026-02-21 | ||
| 952 | |t č. 1-12 |a SNK |b SNK |y PREZ |7 0 |p 17A1075584 |o snkČSB 1377/28/1957 D1 |i snkČSP 218/58 |0 0 |1 0 |4 0 |d 2014-04-24 |l 0 |r 2026-02-21 21:02:56 |w 2026-02-21 | ||
| 952 | |t č. 1-12 |a SNK |b SNK |y PREZ |7 0 |p 17A1075585 |o snkČSB 1377/27/1956 D1 |i snkČSP 66/57 |0 0 |1 0 |4 0 |d 2014-04-24 |l 0 |r 2026-02-21 21:02:56 |w 2026-02-21 | ||
| 952 | |t č. 13-24 |a SNK |b SNK |y PREZ |7 0 |p 17A0750257 |o snkČSB 1377/22/1951 |f 1 |0 0 |1 0 |4 0 |d 2015-03-04 |l 0 |r 2026-02-21 21:04:43 |w 2026-02-21 | ||
| 952 | |t č. 1-14 |a SNK |b SNK |y PREZ |7 0 |p 17A0750250 |o snkČSB 1377/23/1952 |i snkF 3208/68 |f 1 |0 0 |1 0 |4 0 |d 2015-03-04 |l 0 |r 2026-02-21 21:04:43 |w 2026-02-21 | ||
| 952 | |t č. 1-7 |a SNK |b SNK |y PREZ |7 0 |p 17A0750255 |o snkČSB 1377/24/1953 |i snkII. 1406/54 |f 1 |0 0 |1 0 |4 0 |d 2015-03-04 |l 0 |r 2026-02-21 21:04:43 |w 2026-02-21 | ||
| 952 | |t č. 1-2 |a SNK |b SNK |y PREZ |7 0 |p 17A0750254 |o snkČSB 1377/25/1954 |i snkF 1369/78 |f 1 |0 0 |1 0 |4 0 |d 2015-03-04 |l 0 |r 2026-02-21 21:04:43 |w 2026-02-21 | ||
| 952 | |t č. 1-12 |a SNK |b SNK |y PREZ |7 0 |p 17A0750253 |o snkČSB 1377/26/1955 |i snkČSP 473/56 |f 1 |0 0 |1 0 |4 0 |d 2015-03-04 |l 0 |r 2026-02-21 21:04:43 |w 2026-02-21 | ||
| 952 | |t č. 1-12 |a SNK |b SNK |y PREZ |7 0 |p 17A0750252 |o snkČSB 1377/27/1956 |i snKČSP 67/57 |f 1 |0 0 |1 0 |4 0 |d 2015-03-04 |l 0 |r 2026-02-21 21:04:43 |w 2026-02-21 | ||
| 952 | |t č. 1-12 |a SNK |b SNK |y PREZ |7 0 |p 17A0750251 |o snkČSB 1377/28/1957 |i snkČSP 217/58 |f 1 |0 0 |1 0 |4 0 |d 2015-03-04 |l 0 |r 2026-02-21 21:04:43 |w 2026-02-21 | ||
| 952 | |t č. 1-12 |a SNK |b SNK |y PREZ |7 0 |p 17A0750256 |o snkČSB 1377/29/1958 |i snkČSP 226/59 |f 1 |0 0 |1 0 |4 0 |d 2015-03-04 |l 0 |r 2026-02-21 21:04:43 |w 2026-02-21 | ||
| 952 | |t č. 1-12 |a SNK |b SNK |y PREZ |7 0 |p 17A0750261 |o snkČSB 1377/30/1959 |i snkČSP 1045/60 |f 1 |0 0 |1 0 |4 0 |d 2015-03-04 |l 0 |r 2026-02-21 21:04:43 |w 2026-02-21 | ||
| 952 | |t č. 1-12 |a SNK |b SNK |y PREZ |7 0 |p 17A0750260 |o snkČSB 1377/31/1960 |i snkČSP 1630/61 |f 1 |0 0 |1 0 |4 0 |d 2015-03-04 |l 0 |r 2026-02-21 21:04:43 |w 2026-02-21 | ||
| 952 | |t č. 1-12 |a SNK |b SNK |y PREZ |7 0 |p 17A0750259 |o snkČSB 1377/32/1961 |i snkČSP 386/62 |f 1 |0 0 |1 0 |4 0 |d 2015-03-04 |l 0 |r 2026-02-21 21:04:43 |w 2026-02-21 | ||
| 952 | |t č. 1-12 |a SNK |b SNK |y PREZ |7 0 |p 17A0750258 |o snkČSB 1377/33/1962 |i snkČSP 627/63 |f 1 |0 0 |1 0 |4 0 |d 2015-03-04 |l 0 |r 2026-02-21 21:04:43 |w 2026-02-21 | ||
| 952 | |t č. 1-12 |a SNK |b SNK |y PREZ |7 0 |p 17A0750266 |o snkČSB 1377/34/1963 |i snkČSP 608/64 |f 1 |0 0 |1 0 |4 0 |d 2015-03-04 |l 0 |r 2026-02-21 21:04:54 |w 2026-02-21 | ||
| 952 | |t č. 1-12 |a SNK |b SNK |y PREZ |7 0 |p 17A0750265 |o snkČSB 1377/35/1964 |i snkČSP 490/65 |f 1 |0 0 |1 0 |4 0 |d 2015-03-04 |l 0 |r 2026-02-21 21:04:54 |w 2026-02-21 | ||
| 952 | |t č. 1-12 |a SNK |b SNK |y PREZ |7 0 |p 17A0750264 |o snkČSB 1377/36/1965 |i snkČSP 421/67 |f 1 |0 0 |1 0 |4 0 |d 2015-03-04 |l 0 |r 2026-02-21 21:04:54 |w 2026-02-21 | ||
| 952 | |t č. 1-12 |a SNK |b SNK |y PREZ |7 0 |p 17A0750263 |o snkČSB 1377/37/1966 |i snkČSP 422/67 |f 1 |0 0 |1 0 |4 0 |d 2015-03-04 |l 0 |r 2026-02-21 21:04:54 |w 2026-02-21 | ||
| 952 | |t č. 1-12 |a SNK |b SNK |y PREZ |7 0 |p 17A0750262 |o snkČSB 1377/38/1967 |i snkČSP 643/68 |f 1 |0 0 |1 0 |4 0 |d 2015-03-04 |l 0 |r 2026-02-21 21:04:55 |w 2026-02-21 | ||
| 952 | |t č. 1-12 |a SNK |b SNK |y PREZ |7 0 |p 17A0750221 |o snkČSB 1377/40/1969 |i snkČSP 495/70 |f 1 |0 0 |1 0 |4 0 |d 2015-03-04 |l 0 |r 2026-02-21 21:04:55 |w 2026-02-21 | ||
| 952 | |t č. 1-12 |a SNK |b SNK |y PREZ |7 0 |p 17A0750235 |o snkČSB 1377/41/1970 |i snkČSP 368/71 |f 1 |0 0 |1 0 |4 0 |d 2015-03-04 |l 0 |r 2026-02-21 21:04:55 |w 2026-02-21 | ||
| 952 | |t č. 1-12 |a SNK |b SNK |y PREZ |7 0 |p 17A0750225 |o snkČSB 1377/42/1971 |f 1 |0 0 |1 0 |4 0 |d 2015-03-04 |l 0 |r 2026-02-21 21:04:55 |w 2026-02-21 | ||
| 952 | |t č. 1-12 |a SNK |b SNK |y PREZ |7 0 |p 17A0750234 |o snkČSB 1377/43/1972 |i snkČSP 435/73 |f 1 |0 0 |1 0 |4 0 |d 2015-03-04 |l 0 |r 2026-02-21 21:04:55 |w 2026-02-21 | ||
| 952 | |t č. 1-12 |a SNK |b SNK |y PREZ |7 0 |p 17A0750232 |o snkČSB 1377/44/1973 |i snkČSP 572/74 |f 1 |0 0 |1 0 |4 0 |d 2015-03-04 |l 0 |r 2026-02-21 21:14:55 |w 2026-02-21 | ||
| 952 | |t č. 1-12 |a SNK |b SNK |y PREZ |7 0 |p 17A0750233 |o snkČSB 1377/45/1974 |i snkČSP 410/75 |f 1 |0 0 |1 0 |4 0 |d 2015-03-04 |l 0 |r 2026-02-21 21:14:55 |w 2026-02-21 | ||
| 952 | |t č. 1-12 |a SNK |b SNK |y PREZ |7 0 |p 17A0750223 |o snkČSB 1377/46/1975 |i snkČSP 681/76 |f 1 |0 0 |1 0 |4 0 |d 2015-03-04 |l 0 |r 2026-02-21 21:14:55 |w 2026-02-21 | ||
| 952 | |t č. 1-12 |a SNK |b SNK |y PREZ |7 0 |p 17A0750224 |o snkČSB 1377/47/1976 |i snkČSP 986/77 |f 1 |0 0 |1 0 |4 0 |d 2015-03-04 |l 0 |r 2026-02-21 21:14:55 |w 2026-02-21 | ||
| 952 | |t č. 1-12 |a SNK |b SNK |y PREZ |7 0 |p 17A0750222 |o snkČSB 1377/48/1977 |i snkČSP 871/77 |f 1 |0 0 |1 0 |4 0 |d 2015-03-04 |l 0 |r 2026-02-21 21:14:55 |w 2026-02-21 | ||
| 952 | |t č. 1-12 |a SNK |b SNK |y PREZ |7 0 |p 17A0750226 |o snkČSB 1377/49/1978 |f 1 |0 0 |1 0 |4 0 |d 2015-03-04 |l 0 |r 2026-02-21 21:14:55 |w 2026-02-21 | ||
| 952 | |t č. 1-12 |a SNK |b SNK |y PREZ |7 0 |p 17A0750228 |o snkČSB 1377/50/1979 |i snkČSP 337/80 |f 1 |0 0 |1 0 |4 0 |d 2015-03-04 |l 0 |r 2026-02-21 21:14:55 |w 2026-02-21 | ||
| 952 | |t č. 1-12 |a SNK |b SNK |y PREZ |7 0 |p 17A0750229 |o snkČSB 1377/51/1980 |i snkČSP 567/81 |f 1 |0 0 |1 0 |4 0 |d 2015-03-04 |l 0 |r 2026-02-21 21:14:55 |w 2026-02-21 | ||
| 952 | |t č. 1-12 |a SNK |b SNK |y PREZ |7 0 |p 17A0857492 |o snkČSB 1377/52/1981 |i snkČSP 605/82 |f 1 |0 0 |1 0 |4 0 |d 2015-03-04 |l 0 |r 2026-02-21 21:14:55 |w 2026-02-21 | ||
| 952 | |t č. 1-12 |a SNK |b SNK |y PREZ |7 0 |p 17A0999329 |o snkČSB 1377/67/1996 |i snkČSP 1918/2004 |f 1 |0 0 |1 0 |4 0 |d 2015-03-09 |l 0 |r 2026-02-21 21:15:00 |w 2026-02-21 | ||
| 952 | |t č. 1-12 |a SNK |b SNK |y PREZ |7 0 |p 17A0999239 |o snkČSB 1377/68/1997 |i snkČSP 1916/2004 |f 1 |0 0 |1 0 |4 0 |d 2015-03-09 |l 0 |r 2026-02-21 21:15:00 |w 2026-02-21 | ||
| 952 | |t č. 1-12 |a SNK |b SNK |y PREZ |7 0 |p 17A0999323 |o snkČSB 1377/69/1998 |i snkČSP 1914/2004 |f 1 |0 0 |1 0 |4 0 |d 2015-03-09 |l 0 |r 2026-02-21 21:15:00 |w 2026-02-21 | ||
| 952 | |t č. 1-12 |a SNK |b SNK |y PREZ |7 0 |p 17A0999326 |o snkČSB 1377/70/1999 |i snkČSP 1912/2004 |f 1 |0 0 |1 0 |4 0 |d 2015-03-09 |l 0 |r 2026-02-21 21:15:00 |w 2026-02-21 | ||
| 952 | |t č. 1-12 |a SNK |b SNK |y PREZ |7 0 |p 17A0999328 |o snkČSB 1377/71/2000 |i snkČSP 1910/2004 |f 1 |0 0 |1 0 |4 0 |d 2015-03-09 |l 0 |r 2026-02-21 21:15:00 |w 2026-02-21 | ||
| 952 | |t č. 1-12 |a SNK |b SNK |y PREZ |7 0 |p 17A0939067 |o snkČSB 1377/73/2002 |i snkČSP 1908/2004 |f 1 |0 0 |1 0 |4 0 |d 2015-03-09 |l 0 |r 2026-02-21 21:15:01 |w 2026-02-21 | ||
| 952 | |t č. 1-12 |a SNK |b SNK |y PREZ |7 0 |p 17A0939066 |o snkČSB 1377/74/2003 |i snkČSP 1906/2004 |f 1 |0 0 |1 0 |4 0 |d 2015-03-09 |l 0 |r 2026-02-21 21:15:01 |w 2026-02-21 | ||
| 952 | |t č. 1-12 |a SNK |b SNK |y PREZ |7 0 |p 17A1047421 |o snkČSB 1377/75/2004 |i snk2015/8084 |8 0 |f 1 |0 0 |1 0 |4 0 |d 2015-03-09 |l 0 |r 2026-02-21 21:15:01 |w 2026-02-21 | ||
| 952 | |t č. 1-12 |a SNK |b SNK |y PREZ |7 0 |p 17A1047422 |o snkČSB 1377/76/2005 |i snk2015/8088 |8 0 |f 1 |0 0 |1 0 |4 0 |d 2015-03-09 |l 0 |r 2026-02-21 21:15:01 |w 2026-02-21 | ||
| 952 | |t č. 1-12 |a SNK |b SNK |y PREZ |7 0 |p 17A1047423 |o snkČSB 1377/77/2006 |i snk2015/8092 |8 0 |f 1 |0 0 |1 0 |4 0 |d 2015-03-09 |l 0 |r 2026-02-21 21:15:01 |w 2026-02-21 | ||
| 952 | |t č. 1-12 |a SNK |b SNK |y PREZ |7 0 |p 17A1047424 |o snkČSB 1377/78/2007 |i snk2015/8094 |8 0 |f 1 |0 0 |1 0 |4 0 |d 2015-03-09 |l 0 |r 2026-02-21 21:15:01 |w 2026-02-21 | ||
| 952 | |t č. 1-12 |a SNK |b SNK |y PREZ |7 0 |p 17A1047425 |o snkČSB 1377/79/2008 |i snk2015/8097 |8 0 |f 1 |0 0 |1 0 |4 0 |d 2015-03-09 |l 0 |r 2026-02-21 21:15:01 |w 2026-02-21 | ||
| 952 | |t č. 1-12 |a SNK |b SNK |y PREZ |7 0 |p 17A1047426 |o snkČSB 1377/80/2009 |i snk2015/8100 |8 0 |f 1 |0 0 |1 0 |4 0 |d 2015-03-09 |l 0 |r 2026-02-21 21:15:01 |w 2026-02-21 | ||
| 952 | |t č. 1-12 |a SNK |b SNK |y PREZ |7 0 |p 17A1047427 |o snkČSB 1377/81/2010 |i snk2015/8102 |8 0 |f 1 |0 0 |1 0 |4 0 |d 2015-03-09 |l 0 |r 2026-02-21 21:15:01 |w 2026-02-21 | ||
| 952 | |t č. 1-12 |a SNK |b SNK |y PREZ |7 0 |p 17A1047428 |o snkČSB 1377/82/2011 |i snk2015/8103 |8 0 |f 1 |0 0 |1 0 |4 0 |d 2015-03-09 |l 0 |r 2026-02-21 21:15:01 |w 2026-02-21 | ||
| 952 | |t č. 1-12 |a SNK |b SNK |y PREZ |7 0 |p 17A1047429 |o snkČSB 1377/83/2012 |i snk2015/8107 |8 0 |f 1 |0 0 |1 0 |4 0 |d 2015-03-09 |l 0 |r 2026-02-21 21:15:01 |w 2026-02-21 | ||
| 952 | |t č. 1-12 |a SNK |b SNK |y PREZ |7 0 |p 17A0857497 |o snkČSB 1377/56/1985 |i snkČSP 195/86 |f 1 |0 0 |1 0 |4 0 |d 2015-03-05 |l 0 |r 2026-02-21 21:15:02 |w 2026-02-21 | ||
| 952 | |t č. 1-12 |a SNK |b SNK |y PREZ |7 0 |p 17A0857498 |o snkČSB 1377/57/1986 |i snkČSP 907/87 |f 1 |0 0 |1 0 |4 0 |d 2015-03-05 |l 0 |r 2026-02-21 21:15:02 |w 2026-02-21 | ||
| 952 | |t č. 1-12 |a SNK |b SNK |y PREZ |7 0 |p 17A0857499 |o snkČSB 1377/58/1987 |i snkČSP 3189/88 |f 1 |0 0 |1 0 |4 0 |d 2015-03-05 |l 0 |r 2026-02-21 21:15:02 |w 2026-02-21 | ||
| 952 | |t č. 1-12 |a SNK |b SNK |y PREZ |7 0 |p 17A0857500 |o snkČSB 1377/59/1988 |i snkČSP 2489/89 |f 1 |0 0 |1 0 |4 0 |d 2015-03-05 |l 0 |r 2026-02-21 21:15:02 |w 2026-02-21 | ||
| 952 | |t č. 1-12 |a SNK |b SNK |y PREZ |7 0 |p 17A0999330 |o snkČSB 1377/63/1992 |i snkČSP 3454/93 |f 1 |0 0 |1 0 |4 0 |d 2015-03-05 |l 0 |r 2026-02-21 21:15:02 |w 2026-02-21 | ||
| 952 | |t č. 1-12 |a SNK |b SNK |y PREZ |7 0 |p 17A0999324 |o snkČSB 1377/64/1993 |i snkČSP 4355/94 |f 1 |0 0 |1 0 |4 0 |d 2015-03-05 |l 0 |r 2026-02-21 21:15:02 |w 2026-02-21 | ||
| 952 | |t č. 1-12 |a SNK |b SNK |y PREZ |7 0 |p 17A0999320 |o snkČSB 1377/65/1994 |i snkČSP 1922/2004 |f 1 |0 0 |1 0 |4 0 |d 2015-03-05 |l 0 |r 2026-02-21 21:15:02 |w 2026-02-21 | ||
| 952 | |t č. 1-12 |a SNK |b SNK |y PREZ |7 0 |p 17A0999331 |o snkČSB 1377/66/1995 |i snkČSP 1920/2004 |f 1 |0 0 |1 0 |4 0 |d 2015-03-05 |l 0 |r 2026-02-21 21:15:02 |w 2026-02-21 | ||
| 952 | |t č. 1-12 |a SNK |b SNK |y PREZ |7 0 |p 17A0857493 |o snkČSB 1377/53/1982 |i snkČSP 2210/82 |f 1 |0 0 |1 0 |4 0 |d 2015-03-05 |l 0 |r 2026-02-21 21:15:05 |w 2026-02-21 | ||
| 952 | |t č. 1-12 |a SNK |b SNK |y PREZ |7 0 |p 17A0857494 |o snkČSB 1377/54/1983 |i snkČSP 26/84 |f 1 |0 0 |1 0 |4 0 |d 2015-03-05 |l 0 |r 2026-02-21 21:15:05 |w 2026-02-21 | ||
| 952 | |t č. 1-12 |a SNK |b SNK |y PREZ |7 0 |p 17A0857495 |o snkČSB 1377/55/1984 |i snkČSP 1892/84 |f 1 |0 0 |1 0 |4 0 |d 2015-03-05 |l 0 |r 2026-02-21 21:15:05 |w 2026-02-21 | ||
| 952 | |t č. 1-12 |a SNK |b SNK |y PREZ |7 0 |p 17A1047434 |o snkČSB 1377/84/2013 |i snk2015/8145 |8 0 |f 1 |0 0 |1 0 |4 0 |d 2015-03-09 |l 0 |r 2026-02-21 21:15:06 |w 2026-02-21 | ||
| 952 | |t č. 1-12 |a SNK |b SNK |y PREZ |7 0 |p 17A1047436 |o snkČSB 1377/85/2014 |i snk2015/8148 |8 0 |f 1 |0 0 |1 0 |4 0 |d 2015-03-09 |l 0 |r 2026-02-21 21:15:06 |w 2026-02-21 | ||
| 952 | |t č. 1-12 |a SNK |b SNK |y PREZ |7 0 |p 17A1047438 |o snkČSB 1377/75/2004 D1 |i snk2015/8154 |8 0 |0 0 |1 0 |4 0 |d 2015-03-09 |l 0 |r 2026-02-21 21:15:06 |w 2026-02-21 | ||
| 952 | |t č. 1-12 |a SNK |b SNK |y PREZ |7 0 |p 17A1047451 |o snkČSB 1377/76/2005 D1 |i snk2015/8155 |8 0 |0 0 |1 0 |4 0 |d 2015-03-09 |l 0 |r 2026-02-21 21:15:06 |w 2026-02-21 | ||
| 952 | |t č. 1-12 |a SNK |b SNK |y PREZ |7 0 |p 17A1047439 |o snkČSB 1377/77/2006 D1 |i snk2015/8158 |8 0 |0 0 |1 0 |4 0 |d 2015-03-09 |l 0 |r 2026-02-21 21:15:06 |w 2026-02-21 | ||
| 952 | |t č. 1-12 |a SNK |b SNK |y PREZ |7 0 |p 17A1047440 |o snkČSB 1377/78/2007 D1 |i snk2015/8160 |8 0 |0 0 |1 0 |4 0 |d 2015-03-09 |l 0 |r 2026-02-21 21:15:06 |w 2026-02-21 | ||
| 952 | |t č. 1-12 |a SNK |b SNK |y PREZ |7 0 |p 17A1047450 |o snkČSB 1377/79/2008 D1 |i snk2015/8164 |8 0 |0 0 |1 0 |4 0 |d 2015-03-09 |l 0 |r 2026-02-21 21:15:06 |w 2026-02-21 | ||
| 952 | |t č. 1-12 |a SNK |b SNK |y PREZ |7 0 |p 17A1047449 |o snkČSB 1377/80/2009 D1 |i snk2015/8165 |8 0 |0 0 |1 0 |4 0 |d 2015-03-09 |l 0 |r 2026-02-21 21:15:06 |w 2026-02-21 | ||
| 952 | |t č. 1-12 |a SNK |b SNK |y PREZ |7 0 |p 17A1047441 |o snkČSB 1377/81/2010 D1 |i snk2015/8170 |8 0 |0 0 |1 0 |4 0 |d 2015-03-09 |l 0 |r 2026-02-21 21:15:07 |w 2026-02-21 | ||
| 952 | |t č. 1-12 |a SNK |b SNK |y PREZ |7 0 |p 17A1047448 |o snkČSB 1377/82/2011 D1 |i snk2015/8171 |8 0 |0 0 |1 0 |4 0 |d 2015-03-09 |l 0 |r 2026-02-21 21:15:07 |w 2026-02-21 | ||
| 952 | |t č. 1-12 |a SNK |b SNK |y PREZ |7 0 |p 17A1047442 |o snkČSB 1377/83/2012 D1 |i snk2015/8174 |8 0 |0 0 |1 0 |4 0 |d 2015-03-09 |l 0 |r 2026-02-21 21:15:07 |w 2026-02-21 | ||
| 952 | |t č. 1-12 |a SNK |b SNK |y PREZ |7 0 |p 17A1047443 |o snkČSB 1377/84/2013 D1 |i snk2015/8175 |8 0 |0 0 |1 0 |4 0 |d 2015-03-09 |l 0 |r 2026-02-21 21:15:07 |w 2026-02-21 | ||
| 952 | |t č. 1-12 |a SNK |b SNK |y PREZ |7 0 |p 17A1047444 |o snkČSB 1377/85/2014 D1 |i snk2015/8177 |8 0 |0 0 |1 0 |4 0 |d 2015-03-09 |l 0 |r 2026-02-21 21:15:07 |w 2026-02-21 | ||
| 952 | |t č. 1-12 |a SNK |b SNK |y PREZ |7 0 |p 17A0173630 |o snkČSB 1377/61/1990 |i snkČSP 3716/91 |f 1 |0 0 |1 0 |4 0 |d 1998-12-10 |l 0 |r 2005-01-02 00:00:00 |w 2026-02-21 | ||
| 952 | |t č. 1-12 |a SNK |b SNK |y PREZ |7 0 |p 17A0173631 |o snkČSB 1377/60/1989 |i snkČSP 967/90 |f 1 |0 0 |1 0 |4 0 |d 1998-12-10 |l 0 |r 2005-01-02 00:00:00 |w 2026-02-21 | ||
| 952 | |t č. 1-12, neúplné |a SNK |b SNK |y PREZ |7 0 |p 17A1075644 |o snkČSB 1377/71/2000 D2 |i snkČSP 1163/61 |z chýba č. 1, 2, 5, 9, 10 |0 0 |1 0 |4 0 |d 2015-04-15 |l 0 |r 2026-02-21 21:25:51 |w 2026-02-21 | ||
| 952 | |t č. 1-12 |a SNK |b SNK |y PREZ |7 0 |p 17A0706775 |o snkČSB 1377/39/1968 |i snkČSP 632/69 |z č. 1-12 |f 1 |0 0 |1 0 |4 0 |d 2015-04-15 |l 0 |r 2026-02-21 21:26:00 |w 2026-02-21 | ||
| 952 | |t č. 1-12 |a SNK |b SNK |y PREZ |7 0 |p 17A1076891 |o snkČSB 1377/39/1968 D1 |i snkČSP 633/69 |z č. 1-12 |0 0 |1 0 |4 0 |d 2015-04-15 |l 0 |r 2026-02-21 21:26:00 |w 2026-02-21 | ||
| 952 | |t č. 1-12 |a SNK |b SNK |y PREZ |7 0 |p 17A1461016 |o snkČSB 1377/91/2020 |i snk2021/14591 |8 0 |f 1 |0 0 |1 0 |4 0 |d 2021-10-06 |l 0 |r 2026-02-21 21:39:31 |w 2026-02-21 | ||
| 952 | |t č. 1-12, + príl. |a SNK |b SNK |y PREZ |7 0 |p 17A1202307 |o snkČSB 1377/86/2015 |i snk2016/18649 |8 0 |z Príl. v č. 11 - Bibliaolvasó vezérfonal a 2016. évre |f 1 |0 0 |1 0 |4 0 |d 2016-08-04 |l 0 |r 2026-02-21 21:54:49 |w 2026-02-21 | ||
| 952 | |t č. 1-12, + príl. |a SNK |b SNK |y PREZ |7 0 |p 17A1202306 |o snkČSB 1377/86/2015 D1 |i snk2016/18654 |8 0 |z Príl. v č. 11 - Bibliaolvasó vezérfonal a 2016. évre |0 0 |1 0 |4 0 |d 2016-08-04 |l 0 |r 2026-02-21 21:54:49 |w 2026-02-21 | ||
| 952 | |t č. 1-12 |a SNK |b SNK |y PREZ |7 0 |p 17A1430850 |o snkČSB 1377/89/2018 |i snk2020/14255 |8 0 |z Príl.: A Szlovákiai Református... v č. 11-12 |f 1 |0 0 |1 0 |4 0 |d 2020-08-13 |l 0 |r 2026-02-21 22:08:47 |w 2026-02-21 | ||
| 952 | |t č. 1-12 |a SNK |b SNK |y PREZ |7 0 |p 17A1206943 |o snkČSB 1377/87/2016 |i snk2017/11805 |8 0 |f 1 |0 0 |1 0 |4 0 |d 2017-05-22 |l 0 |r 2026-02-21 22:10:37 |w 2026-02-21 | ||
| 952 | |t č. 1-12 |a SNK |b SNK |y PREZ |7 0 |p 17A1151879 |o snkČSB 1377/87/2016 D1 |i snk2017/11806 |8 0 |0 0 |1 0 |4 0 |d 2017-05-22 |l 0 |r 2026-02-21 22:10:37 |w 2026-02-21 | ||
| 952 | |t č. 1-12 |a SNK |b SNK |y PREZ |7 0 |p 17A1154690 |o snkČSB 1377/38/1967 D1 |i snkČSP 644/68 |0 0 |1 0 |4 0 |d 2019-06-18 |l 0 |r 2026-02-21 22:14:30 |w 2026-02-21 | ||


